Catálogo

Guía de intervención logopédica en el síndrome de Down / (Registro nro. 70763)

Detalles MARC
000 -LEADER
fixed length control field 01493nam a2200397 i 4500
001 - CONTROL NUMBER
control field 70763
003 - CONTROL NUMBER IDENTIFIER
control field Mx-PuUPA
005 - DATE AND TIME OF LATEST TRANSACTION
control field 20231205133659.0
008 - FIXED-LENGTH DATA ELEMENTS--GENERAL INFORMATION
fixed length control field 231128s2018 mx a gr 000 0 spa d
017 ## - COPYRIGHT OR LEGAL DEPOSIT NUMBER
Copyright or legal deposit number M-27.046-2018
020 ## - INTERNATIONAL STANDARD BOOK NUMBER
International Standard Book Number 9788491712183
040 ## - CATALOGING SOURCE
Transcribing agency Mx-PuUPA
Original cataloging agency Mx-PuUPA
Language of cataloging spa
Modifying agency Mx-PuUPA
Description conventions rda
041 0# - LANGUAGE CODE
Language code of text/sound track or separate title spa
100 1# - MAIN ENTRY--PERSONAL NAME
Personal name Garayzábal Heinze, Elena,
9 (RLIN) 15184
Relator term autor
245 10 - TITLE STATEMENT
Title Guía de intervención logopédica en el síndrome de Down /
Statement of responsibility, etc. Elena Garayzábal Heinze, Miguel Lázaro López-Villaseñor, Esther Moraleda Sepúlveda
264 #1 - PRODUCTION, PUBLICATION, DISTRIBUTION, MANUFACTURE, AND COPYRIGHT NOTICE
Place of production, publication, distribution, manufacture Madrid :
Name of producer, publisher, distributor, manufacturer Editorial Síntesis,
Date of production, publication, distribution, manufacture, or copyright notice 2018
300 ## - PHYSICAL DESCRIPTION
Extent 201 páginas :
Other physical details ilustraciones, tablas ;
Dimensions 22 cm
336 ## - CONTENT TYPE
Fuente rdacontent
Content type term texto
Content type code txt
337 ## - MEDIA TYPE
Source rdamedia
Media type term sin medio
Media type code n
338 ## - CARRIER TYPE
Source rdacarrier
Carrier type term volumen
Carrier type code nc
490 0# - SERIES STATEMENT
Series statement Guías de intervención ;
Volume/sequential designation 14
490 0# - SERIES STATEMENT
Series statement Trastornos del lenguaje
650 #7 - SUBJECT ADDED ENTRY--TOPICAL TERM
Source of heading or term armarc
Topical term or geographic name entry element Educación especial
650 #7 - SUBJECT ADDED ENTRY--TOPICAL TERM
Source of heading or term armarc
Topical term or geographic name entry element Lenguaje
650 #7 - SUBJECT ADDED ENTRY--TOPICAL TERM
Source of heading or term armarc
Topical term or geographic name entry element Logopedia
650 #7 - SUBJECT ADDED ENTRY--TOPICAL TERM
Source of heading or term armarc
Topical term or geographic name entry element Logopedia infantil
650 #7 - SUBJECT ADDED ENTRY--TOPICAL TERM
Source of heading or term armarc
Topical term or geographic name entry element Personas con discapacidad mental
General subdivision Lenguaje
650 #7 - SUBJECT ADDED ENTRY--TOPICAL TERM
Source of heading or term armarc
Topical term or geographic name entry element Síndrome de Down
General subdivision Trastornos
700 1# - ADDED ENTRY--PERSONAL NAME
Personal name Lázaro López-Villaseñor, Miguel,
Relator term autor
700 1# - ADDED ENTRY--PERSONAL NAME
Personal name Moraleda Sepúlveda, Esther,
Relator term autor
942 ## - ADDED ENTRY ELEMENTS (KOHA)
Source of classification or shelving scheme Dewey Decimal Classification
Koha item type Libro
Classification part 616.858842063
Item part G212
Existencias
Withdrawn status Lost status Source of classification or shelving scheme Damaged status Not for loan Collection code Home library Current library Shelving location Date acquired Source of acquisition Cost, normal purchase price Total Checkouts Full call number Barcode Date last seen Date last checked out Cost, replacement price Price effective from Koha item type
    Dewey Decimal Classification     General Biblioteca Karol Wojtyla Biblioteca Karol Wojtyla Sala general 13/11/2023 1 855.00 3 616.858842063 G212 2018 104214 05/01/2026 19/04/2024 855.00 13/11/2023 Libro